000
00222 a2200085 4500
020
_a
9789492095190
100
_a
HELVERT, M.V.
245
_a
THE RESPONSIBLE OBJECT : A HISTORY OF DESIGN IDEOLOGY FOR THE FUTURE
260
_b
VALIZ
999
_c
13081
_d
13081